| 000 | 00723nas a2200217 a 4500 | ||
|---|---|---|---|
| 001 | 000037471 | ||
| 003 | DO-SdBNP | ||
| 005 | 20250530115246.0 | ||
| 008 | 120420c20089999dr ur1p dd 0 0spa d | ||
| 040 |
_aDO-SdBNP _bspa _cBNPHU |
||
| 043 | _anwdr | ||
| 222 | 2 | _aPlaneta digital | |
| 245 | 0 | 0 |
_aPlaneta digital : _bRevista de tecnología especializada en imagen Digital. |
| 260 |
_aSanto Domingo : _bAugusto Valdivia, _c2008. |
||
| 300 |
_av.- : _bil. ; _c29 cm. |
||
| 310 | _adesconocido | ||
| 362 | 1 | _aAño 1 no. 2 (febrero 2008) | |
| 500 | _aCatalogación basada en : Año 1 no. 2 (febrero 2008) | ||
| 650 | 0 |
_aTECNOLOGÍA _xINFORMACIÓN _vPUBLICACIONES PERIÓDICAS _zREPUBLICA DOMINICANA _963916 |
|
| 942 |
_2ddc _cISSUE |
||
| 999 |
_c36961 _d36961 |
||